| 000 | 00798nac a22002051u 4500 | ||
|---|---|---|---|
| 010 | _a92034093 | ||
| 020 | _a0130151572 | ||
| 082 | 0 | 0 |
_a006.454 _bR1163 |
| 090 |
_c1478 _d1478 |
||
| 100 | _aRabiner, Lawrence R., | ||
| 245 | 1 | 0 |
_aFundamentals of speech recognition / _cLawrence Rabiner, Biing-Hwang Juang. |
| 260 |
_aNew Delhi : _bPearson Education, _c2003. |
||
| 300 |
_axxxv, 507 p. : _bill. ; _c25 cm. |
||
| 504 | _aIncludes bibliographical references and index. | ||
| 650 | 0 | _aAutomatic speech recognition. | |
| 650 | 0 | _aSpeech processing systems. | |
| 700 | 1 |
_aJuang, B. H. _q(Biing-Hwang) |
|
| 942 |
_cBB _k006.454R1163 |
||
| 999 |
_c1478 _d1478 |
||